00633nam a2200181 a 45000010005000000030009000050050017000140080041000310400028000720820019001001000018001192450171001372600044003083000046003526500014003987000018004127000021004309562BD-DhUAP20201109115802.0201109| ii 000 0 eng d aEXCcEXCdBD-DhUAPbEng00a516.06 NAN223 aNand, Brahma. aCo-ordinate solid geometry : bco-ordinate geometry of three dimensions for degree, honours, and post-graduate classes /cBrahma Nand, B. S. Tyagi and Bhu Dev Sharma. aMeerut :bKedar nath ram nath,c[...?]. aiv, 614 pages :billustrations ;c23 cm.  aGeometry. aTyagi, B. S.  aSharma, Bhu Dev